000 00289nam a2200121Ia 4500
008 191201s2018 xx 000 0 und d
100 _aGAMBHIR,ML
245 0 _aConcrete technology theory and practice
260 _bMGH
_c2018
300 _a774
650 _aB.Tech(CE)
942 _2ddc
_cBK
_06
999 _c7090
_d7090